| 000 | 00344nam a2200133Ia 4500 | ||
|---|---|---|---|
| 005 | 20251222144819.0 | ||
| 008 | 251222s9999||||xx |||||||||||||| ||spa|| | ||
| 020 | _a950-808-063-5 | ||
| 082 | _a616.891.7/M86 | ||
| 100 | _aMoreira, Diego A. | ||
| 245 | 0 | _aPsicopatologĂa y Lenguaje en Psicoanálisis: | |
| 264 | _bHomo Sapiens | ||
| 942 | _cLIB | ||
| 999 |
_c20419 _d20419 |
||